Physical processes in symbiotic binaries and related systems (Record no. 12089)

MARC details
000 -LEADER
fixed length control field 00694nam a2200181Ia 4500
003 - CONTROL NUMBER IDENTIFIER
control field IN-BaIIA
008 - FIXED-LENGTH DATA ELEMENTS--GENERAL INFORMATION
fixed length control field 211028s9999 xx 000 0 eng d
020 ## - INTERNATIONAL STANDARD BOOK NUMBER
International Standard Book Number 83-85962-06-9
040 ## - CATALOGING SOURCE
Transcribing agency IIA Library
080 ## - UNIVERSAL DECIMAL CLASSIFICATION NUMBER
Universal Decimal Classification number 524.338(063)
Item number PHY
111 ## - MAIN ENTRY--MEETING NAME
Meeting name or jurisdiction name as entry element International Conference
Location of meeting Poland
Date of meeting or treaty signing 1997 June 16-19
9 (RLIN) 21049
245 #0 - TITLE STATEMENT
Title Physical processes in symbiotic binaries and related systems
Remainder of title proceedings of the International conference Koninki, Poland, June 16 - 19, 1997
Statement of responsibility, etc. edited by Joanna Mikolajewska
260 ## - PUBLICATION, DISTRIBUTION, ETC.
Place of publication, distribution, etc. Warszawa
Name of publisher, distributor, etc. Copernicus Foundation for Polish Astronomy
Date of publication, distribution, etc. 1997
300 ## - PHYSICAL DESCRIPTION
Extent Ixiv, 219p.
650 ## - SUBJECT ADDED ENTRY--TOPICAL TERM
Topical term or geographic name entry element Symbiotic stars
9 (RLIN) 12209
700 ## - ADDED ENTRY--PERSONAL NAME
Personal name Mikolajewska, Joanna., ed.
9 (RLIN) 15827
942 ## - ADDED ENTRY ELEMENTS (KOHA)
Koha item type Books
Holdings
Withdrawn status Lost status Damaged status Not for loan Home library Current library Shelving location Date acquired Total Checkouts Full call number Barcode Date last seen Price effective from Koha item type
        IIA Library-Bangalore IIA Library-Bangalore General Stacks 16/05/1997   524.338(063)/ PHY 13005 05/11/2021 16/05/1997 Books

Powered by Koha